00438cam a22001217a 4500008004000000100002200040245007200062260006800134300001000202650001100212999001900223952007400242180718b1997 xxu||||| |||| 00| 0 eng d aSharma, Ramsharan aPrarambhik bharat ka arthik aur samajik itihascby Ramsharan Sharma aDelhi vishvvidhyalyabHindi Madhyam Karyanvay Nedeshalayac1997 a303p. aItihas c439267d439267 00104070aIIPAbIIPAd2010-04-26p72455r2018-07-21w2018-07-21yBK